| 000 | 00796nam a2200253 a 4500 | ||
|---|---|---|---|
| 001 | 43021 | ||
| 003 | BD-RjUL | ||
| 005 | 20211209053631.0 | ||
| 008 | 160801m19791963enka b 00110 eng | ||
| 035 | _a(BD-RjUL)43139 | ||
| 040 |
_aANL _beng _dANL _dBD-RjUL _cBD-RjUL |
||
| 041 | _aeng | ||
| 082 | 0 |
_a327 _223 _bLEC 1979 |
|
| 100 | 1 |
_aLerche, Charles O _9132103 |
|
| 245 | 1 | 0 |
_aConcepts of international politics : _bin global perspectives / _cCharles O Lerche ; Abdul Aziz Said |
| 250 | _a3rd ed. | ||
| 260 |
_aNew Jersey : _bPrentice-Hall, _cc1963-79 |
||
| 300 |
_axiv, 334 p. ; _c22 cm. |
||
| 504 | _aIncludes bibliographical references and index | ||
| 650 |
_aInternational relations _9141544 |
||
| 700 |
_aSaid, Abdul Aziz _9172690 |
||
| 942 |
_2ddc _cBK |
||
| 999 |
_c43021 _d43021 |
||